000 00326nam a2200133Ia 4500
008 230917s9999||||xx |||||||||||||| ||und||
040 _e93155
_aMAIN
041 _aEnglish
082 _a677 D26S
100 _aDasgupta, Debasis Kumar
245 0 _aStudies on non-woven needle punched blanker
300 _a45 p.
942 _cTH
999 _c50362
_d50362